000 00482cam a2200157 4500500
005 20260208003818.0
041 _afre
042 _adc
100 1 0 _aBoutet, Josiane
_eauthor
700 1 0 _aMaingueneau, Dominique
_eauthor
245 0 0 _aPrésentation
260 _c2005.
500 _a18
786 0 _nLangage et société | 114 | 4 | 2005-12-01 | p. 9-13 | 0181-4095
856 4 1 _uhttps://shs.cairn.info/revue-langage-et-societe-2005-4-page-9?lang=fr&redirect-ssocas=7080
999 _c1649020
_d1649020